00593nam a2200205Ia 450000500170000000800460001703700110006304000080007404000080008204000080009004100080009804100080010608400080011410000390012224500830016126000090024430000100025365000120026370001120027520260430150110.0008 250103s9999 xx 000 0 eng d aTheses aCRL beng ceng 2eng aeng qCRL aDinesh Kumar Au.; Saluja Daman Gu. 0aInvestigate the role of miRNAs in the pathogenesis of coronary artery disearse c2021 a216p. aScience aUniversity of Delhi. Faculty of Medical Sciences. Department of B.R. Ambedkar Center for Biomedical Resarch